| 000 | 01768nam a2200433 a 4500 | ||
|---|---|---|---|
| 001 | nkc20061660662 | ||
| 003 | CZ PrSKC | ||
| 005 | 20260512170442.0 | ||
| 007 | ta | ||
| 008 | 060621s2006 xr a c 000 f cze | ||
| 020 | _a8000017024 | ||
| 020 | _a9788000017020 | ||
| 040 |
_aOLA001 _bcze _dBOA001 _dABA001 |
||
| 041 | 1 |
_acze _hger |
|
| 072 | 7 |
_a821.112.2-3 _xNěmecká próza, německy psaná _2Konspekt |
|
| 072 | 7 |
_a821-93 _xLiteratura pro děti a mládež (beletrie) _2Konspekt |
|
| 080 |
_a821.112.2-31 _2MRF |
||
| 080 |
_a821-93 _2MRF |
||
| 080 |
_a(0:82-312.9) _2MRF |
||
| 100 | 1 |
_aEnde, Michael, _d1929-1995 _4aut _92000 |
|
| 240 | 1 | 0 |
_aUnendliche Geschichte. _lČesky |
| 245 | 1 | 0 |
_aNekonečný příběh / _cMichael Ende ; [z německého originálu ... přeložila Eva Pátková ; ilustroval František Skála ml.] |
| 250 | _a2. vyd. | ||
| 260 |
_aPraha : _bAlbatros, _c2006 |
||
| 300 |
_a395 s. : _bil. ; _c25 cm |
||
| 490 | 1 | _aKlub mladých čtenářů | |
| 500 | _aDotisk r. 2009 | ||
| 520 | 2 | _aBastián utíká do země Fantazánie před posměvačnými spolužáky i příliš zaměstnaným otcem, aby ji svou představivostí zachránil. Ale i on tu pozná, že jeho místo je mezi lidmi a naučí se zde nikoho se nebát. Příběh plný fantazie a moudrosti. | |
| 520 | 2 | _aPříběh malého chlapce, který se ocitne v nemocné zemi Fantazánii a za nejfantastičtějších situací se mu podaří zemi a její císařovnu zachránit. | |
| 655 | 7 |
_aněmecké romány _947 |
|
| 655 | 7 | _afantasy romány | |
| 655 | 7 | _apublikace pro děti | |
| 655 | 9 |
_aGerman fiction _948 |
|
| 655 | 9 | _afantasy novels | |
| 655 | 9 | _achildren's literature | |
| 700 | 1 |
_aPátková, Eva, _d1938- _4trl _92001 |
|
| 910 | _aABG508 | ||
| 999 |
_c34273 _d34273 |
||